banner-ar

MAMMALS AT YOUR FINGERTIPS / (Record no. 14763)

MARC details
000 -الفاتح
حقل البيانات ثابتة الطول 00446nam a2200181Ia 4500
008 - عناصر البيانات ثابتة الطول - معلومات عامة
حقل البيانات ثابتة الطول 140319s9999 xx 000 0 eng d
040 ## - مصدر الفهرسة
وكالة الفهرسة الأصلية GCL /
وكالة النسخ GCL
082 04 - رقم تصنيف ديوى العشرى
رقم التصنيف CH
رقم المادة 599
-- M M
100 1# - المدخل الرئيسى - إسم شخصى
الإسم الشخصى NAYER, JUDY
245 10 - بيان العنوان
العنوان MAMMALS AT YOUR FINGERTIPS /
بيان المسئوليه,etc NAYER, JUDY
260 ## - PUBLICATION, DISTRIBUTION, ETC. (IMPRINT)
تاريخ النشر أو التوزيع 1992
650 04 - المدخل الاضافى بالموضوع-مصطلح موضوعى
مصطلح موضوعي SCIENCE
650 04 - المدخل الاضافى بالموضوع-مصطلح موضوعى
مصطلح موضوعي MAMMALS
650 04 - المدخل الاضافى بالموضوع-مصطلح موضوعى
مصطلح موضوعي ANIMALS
650 04 - المدخل الاضافى بالموضوع-مصطلح موضوعى
مصطلح موضوعي BATS
942 ## - عناصر المدخل الإضافي( كوها)
مصدر التصنيف او مخطط الترفيف Dewey Decimal Classification
Koha [default] item type كتاب
260 ## - PUBLICATION, DISTRIBUTION, ETC. (IMPRINT)
-- [S.N] :
-- MC CLANAHAN BOOK COMPANY ،
Holdings
حالة التراجع حالة الفقد حالة تلف ليس للاعارة المكان المؤقت الموقع الحالى تاريخ الاكتساب اجمالي اﻻعارات رقم الطلب الباركود تاريخ اخر مشاهدة تاريخ تفعيل السعر نوع وعاء كوها
        مكتبة القاهرة الكبرى مكتبة القاهرة الكبرى 03/26/2014   CH\599\M M 27639 03/26/2014 03/26/2014 كتاب

Powered By

EGPV